| 000 | 01962nam a22003614a 4500 | ||
|---|---|---|---|
| 001 | ebr10329920 | ||
| 003 | CaPaEBR | ||
| 006 | m u | ||
| 007 | cr cn||||||||| | ||
| 008 | 081006s2009 cau sb 001 0 eng c | ||
| 010 | _z 2008043087 | ||
| 020 | _z9780804760799 (cloth : alk. paper) | ||
| 040 |
_aCaPaEBR _cCaPaEBR |
||
| 035 | _a(OCoLC)646829061 | ||
| 043 | _an-us-ca | ||
| 050 | 1 | 4 |
_aLD3030 _b.L96 2009eb |
| 082 | 0 | 4 |
_a378.794/73 _222 |
| 100 | 1 | _aLyman, Richard W. | |
| 245 | 1 | 0 |
_aStanford in turmoil _h[electronic resource] : _bcampus unrest, 1966-1972 / _cRichard W. Lyman. |
| 260 |
_aStanford, Calif. : _bStanford General Books, _cc2009. |
||
| 300 | _ax, 236 p. | ||
| 504 | _aIncludes bibliographical references (p. 213-226) and index. | ||
| 505 | 0 | _aThe Sterling-Terman era -- Early Vietnam stirrings, Dean Allen's departure, David Harris's arrival, and Stanford's first sit-in -- How I became provost -- The stage is set -- The Martin Luther King Jr. crisis -- The first Old Union sit-in -- Classified research, SRI, and the coming of Ken Pitzer -- AEL, Encina, and calling the police -- Ken Pitzer's departure -- My presidency begins, and the Franklin Case is initiated -- The Franklin Case and after -- Trying to make sense of the campus unrest. | |
| 533 |
_aElectronic reproduction. _bPalo Alto, Calif. : _cebrary, _d2013. _nAvailable via World Wide Web. _nAccess may be limited to ebrary affiliated libraries. |
||
| 610 | 2 | 0 |
_aStanford University _xHistory _y20th century. |
| 610 | 2 | 0 |
_aStanford University _xStudents. |
| 610 | 2 | 0 |
_aStanford University _xPresidents. |
| 650 | 0 |
_aStudent strikes _zCalifornia _zStanford _xHistory _y20th century. |
|
| 650 | 0 |
_aStudent movements _zCalifornia _zStanford _xHistory _y20th century. |
|
| 655 | 7 |
_aElectronic books. _2local |
|
| 710 | 2 | _aebrary, Inc. | |
| 856 | 4 | 0 |
_uhttp://site.ebrary.com/lib/rucke/Doc?id=10329920 _zAn electronic book accessible through the World Wide Web; click to view |
| 999 |
_c157659 _d157659 |
||